|
|
|
|
| LEADER |
00663nab a2200181 i 4500 |
| 001 |
acta33684 |
| 005 |
20210722091326.0 |
| 008 |
161017s1937 hu o 0|| hun d |
| 040 |
|
|
|a SZTE Egyetemi Kiadványok Repozitórium
|b hun
|
| 041 |
|
|
|a hun
|
| 100 |
1 |
|
|a Szántó Lőrinc
|
| 245 |
1 |
0 |
|a Harsányi István
|h [elektronikus dokumentum] :
|b Az irodalomtanítás megalapozása a középiskolák alsó osztályaiban /
|c Szántó Lőrinc
|
| 260 |
|
|
|c 1937
|
| 300 |
|
|
|a 468-470
|
| 490 |
0 |
|
|a A cselekvés iskolája
|v 5
|
| 695 |
|
|
|a Neveléstudomány
|
| 700 |
0 |
1 |
|a Harsányi István
|e aut
|
| 856 |
4 |
0 |
|u http://acta.bibl.u-szeged.hu/33684/1/cselekves_005_468-470.pdf
|z Dokumentum-elérés
|